Reason and responsibility : (Record no. 37369)

MARC details
000 -LEADER
fixed length control field 00959cam a22002655a 4500
001 - CONTROL NUMBER
control field 15818644
005 - DATE AND TIME OF LATEST TRANSACTION
control field 20250516112437.0
008 - FIXED-LENGTH DATA ELEMENTS--GENERAL INFORMATION
fixed length control field 090715s2011 at a b 000 0 eng
010 ## - LIBRARY OF CONGRESS CONTROL NUMBER
LC control number 2009932701
020 ## - INTERNATIONAL STANDARD BOOK NUMBER
International Standard Book Number 9781439046944 (pbk. : student ed.)
020 ## - INTERNATIONAL STANDARD BOOK NUMBER
International Standard Book Number 1439046948 (pbk. : student ed.)
040 ## - CATALOGING SOURCE
Original cataloging agency DLC
Transcribing agency DLC
050 00 - LIBRARY OF CONGRESS CALL NUMBER
Classification number B29
Item number .F45 2011
100 ## - MAIN ENTRY--PERSONAL NAME
Personal name Feinberg, Joel
245 00 - TITLE STATEMENT
Title Reason and responsibility :
Remainder of title readings in some basic problems of philosophy /
Statement of responsibility, etc .
250 ## - EDITION STATEMENT
Edition statement 14th ed.
260 ## - PUBLICATION, DISTRIBUTION, ETC. (IMPRINT)
Place of publication, distribution, etc Boston, MA :
Name of publisher, distributor, etc Wadsworth/Cengage Learning,
Date of publication, distribution, etc c2011.
300 ## - PHYSICAL DESCRIPTION
Extent xiv, 702 p. :
Other physical details ill. ;
Dimensions 24 cm.
504 ## - BIBLIOGRAPHY, ETC. NOTE
Bibliography, etc Includes bibliographical references.
650 #0 - SUBJECT ADDED ENTRY--TOPICAL TERM
Topical term or geographic name as entry element Philosophy.
700 1# - ADDED ENTRY--PERSONAL NAME
Personal name Shafer-Landau, Russ.
906 ## - LOCAL DATA ELEMENT F, LDF (RLIN)
b ibc
c orignew
d 3
e epcn
f 20
g y-gencatlg
942 ## - ADDED ENTRY ELEMENTS (KOHA)
Source of classification or shelving scheme Library of Congress Classification
Item type Book
Holdings
Withdrawn status Lost status Source of classification or shelving scheme Damaged status Not for loan Collection code Home library Current library Shelving location Date acquired Source of acquisition Total Checkouts Total Renewals Full call number Barcode Date last borrowed Copy number Price effective from Koha item type
    Library of Congress Classification     Non-fiction Bishop Okullu Memorial Library (Limuru Campus) Bishop Okullu Memorial Library (Limuru Campus) General Circulation 07/10/2010 purchase 21 1 B29 .F45 2011 022448 28/02/2019 1 07/10/2010 Book